000 00777nam a2200253Ia 4500
003 OSt
005 20220928114543.0
006 a|||||r|||| 00| 0
007 ta
008 220927b |||||||| |||| 00| 0 eng d
024 _a69480
037 _cTextual
040 _aSDCL
_cSDCL
_beng
041 _2eng
_aeng
082 _aX:8:(D6,8(B)), P4
100 _aElkin-Koren Niva
_9439809
245 0 _aLaw,economics and cyberspace
_bThe effects of cyberspace on the economic analysis of law
260 _aCheltenham
_bEdward Elgar
_c2004
300 _aX,191p
_ccm.
650 _aCyberspace Economics
_9439810
700 _a Salzberger Eli M
_9439811
942 _hX:8:(D6,8(B)), P4
_cTEXL
_2CC
999 _c755474
_d755474